000 00865nam a2200241Ia 4500
003 GCL
005 20240530101829.0
008 140319s9999 xx 000 0 ara d
040 _aGCL /
_cGCL
082 0 4 _a962.064
_bق/م س
100 1 _aمحمد حسنين هيكل
245 1 0 _aالسلام المستحيل والديمقراطية الغائبة :
_bرسائل الى صديق هناك /
_cمحمد حسنين هيكل
260 _aبيروت :
_bشركة المطبوعات للتوزيع والنشر ،
_c1985
300 _a335 ص ؛
_c24 سم
650 0 4 _aمصر
650 0 4 _aالنزاع العربى الاسرائيلى
650 0 4 _aالسياسة الدولية
650 0 4 _aاسرائيل
650 0 4 _aاتفاقيات كامب ديفيد
650 0 4 _aالسلام
650 0 4 _aجمال عبدالناصر
942 _2ddc
_cBK
999 _c28029
_d28029